000 00396nam a2200169 4500
001 45125
090 _a45125
100 _a20251112 pory50
101 _apor
102 _aPT
200 _aOutras Gentes Australianos
_fJesús Ballaz , Horácio Elena
210 _a[S.l.]
_cEdinter
_d1988
215 _a1 v.
_cil.
225 _aOutras Gentes
675 _a94(94)
801 _aPT
_gRPC
990 _cLIVROS